| 000 | 00566nam a2200241 a 4500 | ||
|---|---|---|---|
| 001 | nice12345678 | ||
| 003 | IN_TiNIC | ||
| 005 | 20260116011537.0 | ||
| 008 | 050524s1315 lona grp 000 0 ara | ||
| 020 |
_a _c100 |
||
| 082 | 0 | 0 |
_a297.4 _bKAS1 |
| 100 | _aKashani, Kamaluddin | ||
| 245 | _aSharhe Manzil as Sayirin. | ||
| 260 |
_aLondon _bNo Publisher _c1315 |
||
| 300 | _a300p | ||
| 500 | _aincludes index and biblioraphy | ||
| 505 | 2 | _aIndex | |
| 650 | _aSufism | ||
| 700 | 1 | _aKashani, Kamaluddin | |
| 902 | _bSRS | ||
| 942 | _cBK | ||
| 999 |
_c2482 _d2482 |
||